• 首页
  • 本馆介绍
  • 公告通知
  • 最新文献
  • 馆藏检索
  • 电子资源
  • 读者导购
  • 参考咨询
  • 我的图书馆
  • 登录
  • 详细信息显示
  • 放入我的书架
  • 预约/预借图书
  • 作者相关作品
  • 分类相关作品
  • 丛书相关作品
  • 出版社相关作品

书目信息

  • 表格格式
  • 工作单格式
  • 卡片格式
题名:
上海科技
    
 
作者: 《上海科技》编辑部编
分册:  
出版信息: 上海   上海科学技术文献出版社  1985
页数: 1319页
开本: 26cm
丛书名:
单 册:
中图分类: G322.235.1
科图分类:
主题词: 科学技术--概况--上海
电子资源:
ISBN:
000 00588nam0 2200217 45
001 0185003277
005 20061028112436.34
010    @dCNY35.00
091    @aCN@b17192.110
100    @a19900816d1985 emky0chiy0121 ea
101 0  @achi
102    @aCN@b310000
105    @af igz 000yy
200 10 @a上海科技@Ashang hai ke ji@e1949-1984@f《上海科技》编辑部编
210    @a上海@c上海科学技术文献出版社@d1985
215    @a1319页@c彩照@d26cm
606    @a科学技术@x概况@y上海
690    @aG322.235.1@v3
801  2 @aCN@bNLC@c20061028
801  0 @aCN@bTSSF
905    @a10447@dG322.235.1@e7
    
    上海科技:1949-1984/《上海科技》编辑部编.-上海:上海科学技术文献出版社,1985
    1319页:彩照;26cm
    
    
    ISBN :CNY35.00
    
●
相关链接 在E读中查询图书 在五车中查询图书 在当当中查询图书 在豆瓣中查询图书


正题名:上海科技     索取号:G322.235.1/7         预约/预借

序号 登录号 条形码 馆藏地/架位号 状态 备注
1 0206944   001570561   第一样本阅览室/ [索取号:G322.235.1/7] 在馆    
唐山师范学院图书馆 欢迎您!
大连网信软件有限公司© 版权所有